000 00342 a2200157 4500
001 58427
020 _a8576665123
040 _cAnchieta - Pituba
100 _aAzevedo, Álvares de
240 1 0 _aLira dos Vinte Anos
_lpor
245 1 0 _aLira dos Vinte Anos
300 _a221
362 0 _a2006
650 4 _aPoesia brasileira
942 _cBK
999 _c58427
_d58427